University Home | Library Home | Institutional Repository

Nerantula. (Record no. 66691)

MARC details
000 -LEADER
fixed length control field 00605cam3a220020500 4500
001 - CONTROL NUMBER
control field tmp15497450
003 - CONTROL NUMBER IDENTIFIER
control field UPRA
005 - DATE AND TIME OF LATEST TRANSACTION
control field 20190815104608.0
008 - FIXED-LENGTH DATA ELEMENTS--GENERAL INFORMATION
fixed length control field 950829s1970 rm rum u
035 ## - SYSTEM CONTROL NUMBER
System control number (Sirsi) r121370
035 ## - SYSTEM CONTROL NUMBER
System control number (UPRA)tmp15497450
040 ## - CATALOGING SOURCE
Transcribing agency UPRA
100 1# - MAIN ENTRY--PERSONAL NAME
Personal name Istrati, Panait, 1884-1935.
Dates associated with a name Istrati, Panait, 1884-1935.
Linkage A88637.1
245 10 - TITLE STATEMENT
Title Nerantula.
260 ## - PUBLICATION, DISTRIBUTION, ETC.
Place of publication, distribution, etc. Bucuresti :
Name of publisher, distributor, etc. Eminescu,
Date of publication, distribution, etc. 1970.
490 1# - SERIES STATEMENT
Series statement Romanul de dragoste ;
Volume/sequential designation 20
830 #0 - SERIES ADDED ENTRY--UNIFORM TITLE
Uniform title Colectia Romanul de dragoste ;
Volume/sequential designation 20
Linkage S13205.1
949 ## - LOCAL PROCESSING INFORMATION (OCLC)
a PC839.I83
w lcc
i -174456
m MAIN
t BOOK
l ON-SHELF

No items available.

© 2026 - The University of Zambia Library - Koha v25.11